<?xml version='1.0' encoding='UTF-8'?>
  <record xmlns="http://www.loc.gov/MARC21/slim">
    <leader>00000cam a2200000 i 4500</leader>
    <controlfield tag="001">ocn490331079</controlfield>
    <controlfield tag="003">OCoLC</controlfield>
    <controlfield tag="005">20260131050231.1</controlfield>
    <controlfield tag="008">861021s1836    gw af  f b    001 0 ger d</controlfield>
    <datafield tag="040" ind1=" " ind2=" ">
      <subfield code="a">ZWZ</subfield>
      <subfield code="b">fre</subfield>
      <subfield code="e">ncafnor</subfield>
      <subfield code="c">ZWZ</subfield>
      <subfield code="d">OCLCQ</subfield>
      <subfield code="d">OCLCO</subfield>
      <subfield code="d">OCLCF</subfield>
      <subfield code="d">QGJ</subfield>
      <subfield code="d">OCLCO</subfield>
      <subfield code="d">OCLCL</subfield>
      <subfield code="d">OCLCQ</subfield>
    </datafield>
    <datafield tag="029" ind1="0" ind2=" ">
      <subfield code="a">ZWZ</subfield>
      <subfield code="b">019822219</subfield>
    </datafield>
    <datafield tag="035" ind1=" " ind2=" ">
      <subfield code="a">(OCoLC)490331079</subfield>
    </datafield>
    <datafield tag="050" ind1=" " ind2=" ">
      <subfield code="a">QK961</subfield>
      <subfield code="b">.G6</subfield>
    </datafield>
    <datafield tag="082" ind1="0" ind2="4">
      <subfield code="a">561.73</subfield>
      <subfield code="2">21</subfield>
      <subfield code="1">https://id.oclc.org/worldcat/ddc/E3XvYqxVf3kM8WBCCHkx9jPCmv</subfield>
    </datafield>
    <datafield tag="100" ind1="1" ind2=" ">
      <subfield code="a">Göppert, Heinrich Robert,</subfield>
      <subfield code="d">(1800-1884),</subfield>
      <subfield code="e">Auteur.</subfield>
    </datafield>
    <datafield tag="245" ind1="1" ind2="4">
      <subfield code="a">Die Fossilen Farrnkräuter</subfield>
      <subfield code="h">[Texte imprimé] /</subfield>
      <subfield code="c">von H.R. Göppert, ...</subfield>
    </datafield>
    <datafield tag="260" ind1=" " ind2=" ">
      <subfield code="a">Breslau ;</subfield>
      <subfield code="a">Bonn :</subfield>
      <subfield code="b">E. Webers,</subfield>
      <subfield code="c">1836.</subfield>
    </datafield>
    <datafield tag="300" ind1=" " ind2=" ">
      <subfield code="a">1 vol. (XXXII-486 p.-XLIII f. de pl.) :</subfield>
      <subfield code="b">ill. ;</subfield>
      <subfield code="c">29 cm</subfield>
    </datafield>
    <datafield tag="336" ind1=" " ind2=" ">
      <subfield code="a">texte</subfield>
      <subfield code="b">txt</subfield>
      <subfield code="2">rdacontent/fre</subfield>
    </datafield>
    <datafield tag="337" ind1=" " ind2=" ">
      <subfield code="a">sans médiation</subfield>
      <subfield code="b">n</subfield>
      <subfield code="2">rdamedia/fre</subfield>
    </datafield>
    <datafield tag="338" ind1=" " ind2=" ">
      <subfield code="a">volume</subfield>
      <subfield code="b">nc</subfield>
      <subfield code="2">rdacarrier/fre</subfield>
    </datafield>
    <datafield tag="500" ind1=" " ind2=" ">
      <subfield code="a">Sur la page de titre : "Besonderer Abdruck des Supplements zum siebenzehnten Bande der Nova Acta Academiae C.L.C. Naturae Curiosorum."</subfield>
    </datafield>
    <datafield tag="504" ind1=" " ind2=" ">
      <subfield code="a">Notes bibliographiques. Index.</subfield>
    </datafield>
    <datafield tag="650" ind1=" " ind2="0">
      <subfield code="a">Ferns, Fossil.</subfield>
    </datafield>
    <datafield tag="650" ind1=" " ind2="6">
      <subfield code="a">Fougères fossiles.</subfield>
    </datafield>
    <datafield tag="650" ind1=" " ind2="7">
      <subfield code="a">Ferns, Fossil.</subfield>
      <subfield code="2">fast</subfield>
      <subfield code="0">(OCoLC)fst00923030</subfield>
    </datafield>
    <datafield tag="650" ind1=" " ind2="7">
      <subfield code="a">Fougères</subfield>
      <subfield code="x">Fossiles.</subfield>
      <subfield code="2">ram</subfield>
    </datafield>
    <datafield tag="758" ind1=" " ind2=" ">
      <subfield code="i">a pour œuvre:</subfield>
      <subfield code="a">Die fossilen Farnkräuter (Text)</subfield>
      <subfield code="1">https://id.oclc.org/worldcat/entity/E39PCGQw8PbykBfC8fdV8FDH4q</subfield>
      <subfield code="4">https://id.oclc.org/worldcat/ontology/hasWork</subfield>
    </datafield>
    <datafield tag="936" ind1=" " ind2=" ">
      <subfield code="a">BATCHLOAD</subfield>
    </datafield>
  </record>